Vybrané časti stavebno-technologickej prípravy na stavbu

Gespeichert in:
Bibliographische Detailangaben
1. Verfasser: Ježo, Ladislav (Verfasst von)
Weitere Verfasser: Ellingerová, Helena (Betreuung Doktorarbeit)
Format: Manuskript Buch
Sprache:Slowakisch
Veröffentlicht: 2023
Schlagworte:
Online-Zugang:http://is.stuba.sk/zp/portal_zp.pl?podrobnosti=171334
https://opac.crzp.sk/?fn=detailBiblioForm&sid=C0DEB8E07572332BAC250E15805F
Tags: Tag hinzufügen
Keine Tags, Fügen Sie das erste Tag hinzu!

MARC

LEADER 00000ntm a22000003a 4500
001 stuzp95049
003 SK-STU
005 20230918154946.6
007 ta
008 150427s2015----xo-----f-mn---000-0-slo-d
040 |a STU  |b slo 
041 0 |a slo 
100 1 |a Ježo, Ladislav  |u 010270  |4 aut  |U SvF Stavebná fakulta  |T SvF Katedra technológie stavieb  |X 98211  |U V270  |Y 28  |7 98211 
242 0 1 |a Selected parts of construction-technological preparation for construction  |y eng 
245 1 0 |a Vybrané časti stavebno-technologickej prípravy na stavbu 
260 |c 2023 
650 4 |a zariadenie staveniska  |2 slo 
650 4 |a návrh žeriavov  |2 slo 
650 4 |a harmonogram  |2 slo 
650 4 |a histogram  |2 slo 
650 4 |a plánovanie výstavby  |2 slo 
650 4 |a Príprava ponukovej ceny stavby zhotoviteľom  |2 slo 
650 4 |a Paretova analýza  |2 slo 
650 4 |a technological preparation  |2 eng 
650 4 |a technological preparation  |2 eng 
650 4 |a Pareto analysis  |2 eng 
650 4 |a construction  |2 eng 
650 4 |a Pareto analysis  |2 eng 
650 4 |a construction  |2 eng 
700 1 |a Ellingerová, Helena  |u 010270  |k Z1  |4 ths  |U SvF Stavebná fakulta  |T SvF Katedra technológie stavieb  |X 925  |U V270  |Y 28  |7 A000000925 
856 4 |u http://is.stuba.sk/zp/portal_zp.pl?podrobnosti=171334 
856 4 |u https://opac.crzp.sk/?fn=detailBiblioForm&sid=C0DEB8E07572332BAC250E15805F